| 000 | 00739atm a2200265 4500 | ||
|---|---|---|---|
| 005 | 20170207145745.0 | ||
| 008 | 150723b xxu||||| |||| 00| 0 spa d | ||
| 041 | _aEspañol | ||
| 082 | _a1.4.4 G216b2 | ||
| 100 |
_aGarcía Ortíz, Francisco _95240 |
||
| 100 |
_aGil Muela, Mario _938085 |
||
| 100 |
_aGarcía Ortíz, Pedro Pablo _95241 |
||
| 245 | _aBebidas | ||
| 250 | _a2 edición | ||
| 260 |
_aEspaña _bThomson Paraninfo _c2003 |
||
| 300 | _a200 páginas | ||
| 650 |
_aBARES _910599 |
||
| 650 |
_aESTABLECIMIENTOS _938086 |
||
| 650 |
_aSERVICIO DEL BAR _938087 |
||
| 650 |
_aBEBIDAS ALCOHOLICAS _917766 |
||
| 650 |
_aBEBIDAS NO ALCOHOLICAS _938088 |
||
| 650 |
_aCOCTELERÍA _916073 |
||
| 650 |
_aVINOS _910613 |
||
| 942 | _cBK | ||
| 999 |
_c6467 _d6467 |
||